000 00761nam a2200205 a 4500
003 0
005 20250208101055.0
008 120723s19uu xx 00 eng d
050 _aPGS HQ 755.8
_b.S274 2012
100 _aSay, Romeo III, B.
245 _aParenting styles and school discipline /
_cRomeo B. Say III.
260 _aLas PiƱas City, Philippines :
_bSouthville International School and Colleges,
_c2012.
300 _a41 pages :
_billustrations ;
_c28 cm.
504 _aIncludes bibliographical references.
650 _aParenting styles
_vEffect on children.
650 _aParental influence
_vStudent discipline.
650 _aStudent behavior
_vInfluence of parenting.
650 _aSchool discipline
_vParental involvement.
942 _2lcc
_cPASS
999 _c98781
_d98781